O prirode naučnovo metoda /

Gespeichert in:
Bibliographische Detailangaben
1. Verfasser: Podkorytov, Gennadij Aleksejevič (Verfasst von)
Format: Buch
Veröffentlicht: Leningrad : Izd. Leningradskogo Universiteta, 1988
Tags: Tag hinzufügen
Keine Tags, Fügen Sie das erste Tag hinzu!

MARC

LEADER 00000nam a22000003a 4500
001 stu14142
005 20150617225759.4
008 ------s1988----xxr---------------------d
040 |a STU  |b slo 
041 0
044 |a xxr 
080 |a 001 
100 1 |a Podkorytov, Gennadij Aleksejevič  |4 aut 
245 1 |a O prirode naučnovo metoda /  |c [aut.]Podkorytov,Gennadij Aleksejevič 
260 |a Leningrad :  |b Izd. Leningradskogo Universiteta,  |c 1988 
300 |a 221 s 
996 |b C82772  |c C*82772  |l CCII  |s P  |a 0  |w stu14142_0001